Analítica de la sexualidad (Registro nro. 13138)
[ vista simple ]
| 000 -CABECERA | |
|---|---|
| Longitud fija campo de control | 00584nam a2200205 a 4500 |
| 001 - NÚMERO DE CONTROL | |
| Número de control | ES-MaREB00098197-3 |
| 003 - IDENTIFICADOR DELl NÚMERO DE CONTROL | |
| Identificador del número de control | OSt |
| 005 - FECHA Y HORA DE LA ÚLTIMA TRANSACCIÓN | |
| Fecha y hora de la última transacción | 20140823213002.0 |
| 008 - CÓDIGOS DE INFORMACIÓN DE LONGITUD FIJA | |
| Códigos de información de longitud fija | 020226s1978 esp 0001 spa d |
| 020 ## - NÚMERO INTERNACIONAL NORMALIZADO PARA LIBROS | |
| Número Internacional Normalizado para Libros (ISBN) | 84-313-0499-5 |
| 040 ## - FUENTE DE LA CATALOGACIÓN | |
| Centro transcriptor | BMC |
| 082 ## - NÚMERO DE LA CLASIFICACIÓN DECIMAL DEWEY | |
| Númeroo de clasificación | 612.6 |
| 245 00 - MENCIÓN DE TÍTULO | |
| Título | Analítica de la sexualidad |
| Mención de responsabilidad, etc. | Jacinto Choza ... [et al.] |
| 260 ## - PUBLICACIÓN, DISTRIBUCIÓN, ETC. (PIE DE IMPRENTA) | |
| Lugar de publicación, distribución, etc. | Pamplona |
| Nombre del editor, distribuidor, etc. | Eunsa |
| Fecha de publicación, distribución, etc. | cop. 978 |
| 300 ## - DESCRIPCIÓN FÍSICA | |
| Extensión | 274 p. |
| Dimensiones | 18 cm |
| 490 0# - MENCIÓN DE SERIE | |
| Mención de serie | Colección cultural de bolsillo. Temas de nuestro tiempo. Ciencias |
| Designación de volumen o secuencia | 44 |
| 650 24 - PUNTO DE ACCESO ADICIONAL DE MATERIA - TÉRMINO DE MATERIA | |
| 9 (RLIN) | 24207 |
| Término de materia o nombre geográfico como elemento inicial | Sexología |
| 700 1# - PUNTO DE ACCESO ADICIONAL - NOMBRE DE PERSONA | |
| 9 (RLIN) | 1208 |
| Nombre de persona | Choza, Jacinto |
| 942 ## - ENTRADA DE ELEMENTOS AGREGADOS (KOHA) | |
| Fuente de clasificaión o esquema | Dewey Decimal Classification |
| Koha [por defecto] tipo de item | 1- Monografias |
| Suprimido | Perdido | Fuente de clasificación o esquema | Estropeado | Restricciones de uso | No para préstamo | Código de colección | Localización permanente | Localización actual | Localización en estanter&íacute;as | Fecha adquisición | Fuente de adquisición | Número de inventario | Préstamos totales | Signatura completa | Código de barras | Fecha última consulta | Coste, precio reemplazado | Fecha del precio de reemplazo | Tipo de item de Koha |
|---|---|---|---|---|---|---|---|---|---|---|---|---|---|---|---|---|---|---|---|
| NULL | NULL | Dewey Decimal Classification | NULL | Préstamo en Sala | NULL | NULL | Biblioteca Miguel de Cervantes - UNICAES | Biblioteca Miguel de Cervantes - UNICAES | Sala Principal | 22/08/2014 | Donación - UNICO | 020807 | 612.6 ANA | 1021164 | 22/08/2014 | 10.00 | 22/08/2014 | 1- Monografias |